Statistics for Avrupa Başkentleri

Click here to take the quiz!

General Stats

  • This quiz has been taken 5 686 times
  • The average score is 23 of 45

Answer Stats

ÜlkeBaşkent% Correct
AlmanyaBerlin
99%
FransaParis
91%
Birleşik KrallıkLondra
89%
İtalyaRoma
87%
İspanyaMadrid
86%
RusyaMoskova
83%
YunanistanAtina
81%
HollandaAmsterdam
77%
UkraynaKiev
76%
BulgaristanSofya
74%
AvusturyaViyana
69%
BelçikaBrüksel
68%
PortekizLizbon
67%
NorveçOslo
66%
Çek CumhuriyetiPrag
65%
VatikanVatikan
63%
MonakoMonako
58%
DanimarkaKopenhag
57%
İsveçStockholm
57%
İrlandaDublin
56%
FinlandiyaHelsinki
56%
LüksemburgLüksemburg
55%
PolonyaVarşova
54%
İsviçreBern
52%
Bosna HersekSaraybosna
52%
MacaristanBudapeşte
50%
San MarinoSan Marino
50%
RomanyaBükreş
49%
HırvatistanZagreb
49%
ArnavutlukTiran
48%
SırbistanBelgrad
47%
BelarusMinsk
41%
Kuzey MakedonyaÜsküp
37%
EstonyaTallin
30%
LetonyaRiga
26%
İzlandaReykjavík
24%
AndoraAndorra la Vella
23%
SlovakyaBratislava
23%
KosovaPriştine
19%
MoldovaKişinev
18%
LihtenştaynVaduz
17%
LitvanyaVilnius
17%
MaltaValletta
13%
SlovenyaLjubljana
12%
KaradağPodgoritsa
11%

Score Distribution

Percentile by Number Answered

Percent of People with Each Score

Your Score History

You have not taken this quiz